[Event "Bogota Kallpa op"]
[Site "Bogota"]
[Date "2025.06.29"]
[Round "6"]
[White "Gonzalez Mojica, Renan Arturo"]
[Black "Murillo Loreo, Oscar Miguel"]
[Result "1-0"]
[WhiteElo "2098"]
[BlackElo "1953"]
[PlyCount "103"]
[EventDate "2025.06.25"]
[EventType "swiss"]
[EventRounds "6"]
[EventCountry "COL"]
[SourceTitle "CB27_2025"]
[SourceDate "2025.07.02"]
[SourceVersion "1"]
[SourceVersionDate "2025.07.02"]
[SourceQuality "1"]

1. d4 d5 2. c4 Nf6 3. cxd5 g6 4. Qa4+ c6 5. dxc6 Nxc6 6. e3 Bg7 7. Nf3 0-0 8. Be2 Bf5 9. Nc3 a6 10. a3 b5 11. Qd1 Na5 12. 0-0 Qb6 13. Nd2 Be6 14. b4 Nc4 15. Nxc4 bxc4 16. e4 Rfd8 17. Be3 Qc7 18. f3 Nh5 19. Qd2 f5 20. d5 Qe5 21. Rac1 f4 22. Bb6 Rd7 23. Bxc4 g5 24. Ne2 Bf7 25. Bd4 Qd6 26. Bxg7 Nxg7 27. Qb2 h5 28. Kh1 Qb6 29. Qd4 Qb7 30. Qe5 Rc8 31. Qxg5 Rdc7 32. Nd4 Qb6 33. Nc6 Kh7 34. Qxf4 e6 35. Bb3 Qb5 36. Ne5 Be8 37. Rfe1 Qe2 38. h3 Qb2 39. Rxc7 Rxc7 40. d6 Rb7 41. Bxe6 Qf2 42. Bf5+ Kg8 43. Qe3 Qg3 44. d7 Bxd7 45. Nxd7 a5 46. Rc1 a4 47. Rc8+ Kf7 48. Rf8+ Ke7 49. Qc5+ Qd6 50. Rf7+ Kxf7 51. Qxd6 h4 52. Qf8# 1-0

[Event "Bogota Kallpa op"]
[Site "Bogota"]
[Date "2025.06.27"]
[Round "2"]
[White "Gonzalez Mojica, Renan Arturo"]
[Black "Gutierrez Pinzon, Cristian Gustavo"]
[Result "0-1"]
[WhiteElo "2098"]
[BlackElo "1772"]
[PlyCount "178"]
[EventDate "2025.06.25"]
[EventType "swiss"]
[EventRounds "6"]
[EventCountry "COL"]
[SourceTitle "CB27_2025"]
[SourceDate "2025.07.02"]
[SourceVersion "1"]
[SourceVersionDate "2025.07.02"]
[SourceQuality "1"]

1. d4 d5 2. c4 c6 3. cxd5 cxd5 4. Bf4 e6 5. Nc3 Bd6 6. Bxd6 Qxd6 7. e3 Nf6 8. f4 0-0 9. Nf3 a6 10. Bd3 b5 11. Ne5 Bb7 12. 0-0 Nbd7 13. Qf3 Rfe8 14. g4 b4 15. Na4 Nb6 16. Nc5 Bc6 17. g5 Ne4 18. Nxc6 Nxc5 19. dxc5 Qxc6 20. cxb6 Qxb6 21. Rac1 Rad8 22. Rc2 d4 23. e4 b3 24. axb3 Qxb3 25. e5 g6 26. Rfc1 a5 27. Qe2 a4 28. Bb5 d3 29. Bxd3 Rxd3 30. Rc3 Rxc3 31. Rxc3 Qb6+ 32. Qf2 Rb8 33. Qxb6 Rxb6 34. Rc2 Rb3 35. Kf2 a3 36. bxa3 Rxa3 37. Kg2 Kg7 38. Rc7 Rd3 39. h4 Rb3 40. Re7 Ra3 41. Rb7 Re3 42. Rb2 h5 43. gxh6+ Kxh6 44. Rb7 Kg7 45. Rd7 Rc3 46. Rd8 Re3 47. Rd1 Kh6 48. Rc1 Rd3 49. Ra1 Re3 50. Rd1 Rc3 51. Rd7 Kg7 52. Kh2 Rf3 53. Rd4 Kh6 54. Kg2 Rc3 55. Rd7 Kg7 56. Rb7 Re3 57. Rb8 Rc3 58. Kh2 Rf3 59. Rb4 Kh6 60. Kg2 Re3 61. Rb1 Kg7 62. Rf1 Kh6 63. Rf3 Re1 64. Ra3 Rc1 65. Ra7 Kg7 66. Kg3 Rg1+ 67. Kf3 Rh1 68. Kg4 Rg1+ 69. Kh3 Rh1+ 70. Kg3 Rg1+ 71. Kh2 Rg4 72. Ra4 Rxh4+ 73. Kg3 g5 74. Rb4 Kg6 75. f5+ Kxf5 76. Rb7 Kg6 77. Kf3 Rf4+ 78. Ke3 Kh5 79. Rb8 Kg4 80. Rb7 Kg3 81. Rb8 g4 82. Rh8 Rf5 83. Ke4 Kf2 84. Rh2+ Kg1 85. Ra2 g3 86. Ra1+ Kh2 87. Ra8 g2 88. Rh8+ Kg3 89. Rg8+ Kf2 0-1

[Event "Bogota Kallpa op"]
[Site "Bogota"]
[Date "2025.06.26"]
[Round "1"]
[White "Conde Granada, Alain Camilo"]
[Black "Gonzalez Mojica, Renan Arturo"]
[Result "0-1"]
[WhiteElo "1642"]
[BlackElo "2098"]
[PlyCount "72"]
[EventDate "2025.06.25"]
[EventType "swiss"]
[EventRounds "6"]
[EventCountry "COL"]
[SourceTitle "CB27_2025"]
[SourceDate "2025.07.02"]
[SourceVersion "1"]
[SourceVersionDate "2025.07.02"]
[SourceQuality "1"]

1. d4 d6 2. c4 e5 3. e4 exd4 4. Qxd4 Nc6 5. Qd2 Nf6 6. Nc3 a5 7. h3 Be6 8. f4 Nh5 9. Qf2 Be7 10. Nf3 Nb4 11. g4 Nf6 12. a3 Na6 13. Be3 h6 14. 0-0-0 Bd7 15. e5 Nh7 16. Bg2 0-0 17. Nb5 Qe8 18. exd6 cxd6 19. Nxd6 Bxd6 20. Rxd6 Be6 21. Nd2 Qc8 22. c5 Rb8 23. f5 Ba2 24. b3 a4 25. Kb2 Bxb3 26. Nxb3 axb3 27. h4 Nf6 28. Rxf6 gxf6 29. g5 Re8 30. gxf6 Kh7 31. Qf4 Rxe3 32. Qxe3 Nxc5 33. Be4 Qc7 34. Bd5 Qd6 35. Qe7 Qxd5 36. Rd1 Na4+ 0-1

[Event "Bogota Rapid op"]
[Site "Bogota"]
[Date "2024.12.21"]
[Round "3"]
[White "Gonzalez Mojica, Renan Arturo"]
[Black "Villalobos Celeita, Edgar Alfonso"]
[Result "1-0"]
[WhiteElo "1975"]
[BlackElo "1719"]
[PlyCount "113"]
[EventDate "2024.12.21"]
[EventType "swiss (rapid)"]
[EventRounds "9"]
[EventCountry "COL"]
[SourceTitle "CB52_2024"]
[SourceDate "2024.12.25"]
[SourceVersion "1"]
[SourceVersionDate "2024.12.25"]
[SourceQuality "1"]

1. d4 Nf6 2. c4 e5 3. dxe5 Ne4 4. Nd2 f5 5. exf6 Bb4 6. fxg7 Rg8 7. a3 Qf6 8. Ngf3 Nxd2 9. Bxd2 Be7 10. Bc3 Qf7 11. e3 Nc6 12. Bd3 h5 13. Qc2 Rxg7 14. Bxg7 Qxg7 15. 0-0 d6 16. Bf5 Qf6 17. Bxc8 Rxc8 18. Qh7 Kd7 19. Rad1 Rh8 20. Qe4 h4 21. Rd5 Rf8 22. h3 Kc8 23. b4 Rg8 24. Qf5+ Kb8 25. Qxf6 Bxf6 26. Rh5 Bb2 27. b5 Na5 28. Rxh4 Bxa3 29. Ra1 Bb4 30. Ra4 Bc3 31. Kf1 b6 32. Rg4 Rd8 33. Ke2 Nb7 34. Ra3 Bb4 35. Rb3 Bc5 36. Nd4 Na5 37. Nc6+ Nxc6 38. bxc6 a5 39. h4 Ka7 40. h5 Ka6 41. h6 a4 42. Rb5 a3 43. Rh4 d5 44. Rb1 dxc4 45. h7 Rh8 46. g4 b5 47. g5 b4 48. Rxc4 Kb5 49. Rbc1 a2 50. Rxc5+ Kb6 51. R5c4 Kb5 52. g6 a1Q 53. Rxb4+ Kxb4 54. Rxa1 Kc5 55. g7 Rb8 56. g8Q Rb2+ 57. Kf3 1-0

[Event "Bogota Rapid op"]
[Site "Bogota"]
[Date "2024.12.21"]
[Round "6"]
[White "Rojas Rojas, Santiago"]
[Black "Gonzalez Mojica, Renan Arturo"]
[Result "0-1"]
[WhiteElo "1810"]
[BlackElo "1975"]
[PlyCount "49"]
[EventDate "2024.12.21"]
[EventType "swiss (rapid)"]
[EventRounds "9"]
[EventCountry "COL"]
[SourceTitle "CB52_2024"]
[SourceDate "2024.12.25"]
[SourceVersion "1"]
[SourceVersionDate "2024.12.25"]
[SourceQuality "1"]

1. e4 d6 2. d4 Nf6 3. Bd3 e5 4. dxe5 dxe5 5. h3 Bc5 6. Nf3 0-0 7. Nc3 c6 8. a4 Na6 9. Qe2 Nb4 10. Bc4 Qe7 11. 0-0 h6 12. a5 Nh5 13. Na4 Ng3 14. Qd2 Nxf1 15. Bxf1 Rd8 16. Qc3 Bd4 17. Nxd4 exd4 18. Qg3 Rd6 19. Bd3 Rg6 20. Qf3 Nxd3 21. cxd3 Be6 22. Ra3 Qb4 23. Bf4 b5 24. axb6 axb6 25. Qd1 0-1

[Event "Bogota Rapid op"]
[Site "Bogota"]
[Date "2024.12.21"]
[Round "9"]
[White "Santos Rios, Carlos Gabriel"]
[Black "Gonzalez Mojica, Renan Arturo"]
[Result "0-1"]
[WhiteElo "1830"]
[BlackElo "1975"]
[PlyCount "80"]
[EventDate "2024.12.21"]
[EventType "swiss (rapid)"]
[EventRounds "9"]
[EventCountry "COL"]
[SourceTitle "CB52_2024"]
[SourceDate "2024.12.25"]
[SourceVersion "1"]
[SourceVersionDate "2024.12.25"]
[SourceQuality "1"]

1. c4 e5 2. Nc3 Nf6 3. Nf3 e4 4. Nd4 Nc6 5. Nc2 Bc5 6. d4 exd3 7. exd3 d5 8. d4 Be7 9. c5 0-0 10. Be2 b6 11. cxb6 axb6 12. 0-0 Na5 13. Bf3 c6 14. Bg5 Nc4 15. b3 Nd6 16. Re1 Bf5 17. Nb4 Rc8 18. Nd3 Nfe4 19. Bxe7 Qxe7 20. Bxe4 dxe4 21. Rc1 Qg5 22. Ne5 f6 23. Nc4 Bh3 24. g3 Nxc4 25. bxc4 Bg4 26. Nxe4 Qh5 27. Qd3 Rce8 28. Nd6 Rxe1+ 29. Rxe1 Qa5 30. Rb1 Qxa2 31. Qb3 Qe2 32. c5+ Be6 33. Qxb6 Bd5 34. Qb2 Qf3 35. Kf1 Qg2+ 36. Ke2 Qxh2 37. Qc3 Qh5+ 38. Kd2 Qg6 39. Ra1 Qg5+ 40. Qe3 Qg4 0-1

[Event "Bogota Navidad op"]
[Site "Bogota"]
[Date "2024.12.04"]
[Round "1"]
[White "Ladino Hernandez, Angel Joel"]
[Black "Gonzalez Mojica, Renan Arturo"]
[Result "0-1"]
[WhiteElo "1669"]
[BlackElo "2040"]
[PlyCount "112"]
[EventDate "2024.12.04"]
[EventType "swiss"]
[EventRounds "9"]
[EventCountry "COL"]
[SourceTitle "CB50_2024"]
[SourceDate "2024.11.01"]
[SourceVersion "1"]
[SourceVersionDate "2024.11.01"]
[SourceQuality "2"]

1. e4 c5 2. Nf3 Nc6 3. d4 cxd4 4. Nxd4 Nf6 5. Nc3 e5 6. Ndb5 d6 7. Bg5 a6 8. Na3 b5 9. Nd5 Be7 10. Bxf6 Bxf6 11. Be2 Bg5 12. c3 0-0 13. 0-0 f5 14. Bf3 Rb8 15. Nc2 Kh8 16. exf5 Bxf5 17. Nde3 e4 18. Bg4 Bg6 19. Nd4 Nxd4 20. Qxd4 Bf4 21. Qd5 b4 22. g3 Be5 23. Rac1 bxc3 24. bxc3 Qc7 25. c4 Qc5 26. Qxc5 dxc5 27. Rb1 Bd4 28. Kg2 Bf7 29. Be2 g6 30. Rfc1 Be6 31. Bd1 Rxb1 32. Rxb1 Bxe3 33. fxe3 Bxc4 34. Bb3 Bd3 35. Rc1 c4 36. Bxc4 Rc8 37. Bxd3 Rxc1 38. Bxe4 Rd1 39. a4 Rd2+ 40. Kf3 Rxh2 41. Bb7 a5 42. Bc6 Kg7 43. Kf4 Kf6 44. g4 Rf2+ 45. Ke4 Kg5 46. Bd7 Rf7 47. Bc8 Rc7 48. Be6 Re7 49. Kd5 Rxe6 50. Kxe6 h5 51. gxh5 gxh5 52. e4 h4 53. e5 h3 54. Kd7 h2 55. e6 h1Q 56. e7 Qd5+ 0-1

[Event "Bogota Distrito Capital op-A"]
[Site "Bogota"]
[Date "2024.09.22"]
[Round "9"]
[White "Carrillo Parra, Miguel Alfredo"]
[Black "Gonzalez Mojica, Renan Arturo"]
[Result "1-0"]
[WhiteElo "2193"]
[BlackElo "2000"]
[PlyCount "57"]
[EventDate "2024.09.18"]
[EventType "swiss"]
[EventRounds "9"]
[EventCountry "COL"]
[SourceTitle "EXT 2025"]
[Source "ChessBase"]
[SourceDate "2024.10.14"]
[SourceVersion "1"]
[SourceVersionDate "2024.10.14"]
[SourceQuality "1"]

1. d4 Nf6 2. c4 g6 3. Nc3 Bg7 4. e4 d6 5. Nge2 0-0 6. Ng3 e5 7. d5 c6 8. Be2 a6 9. h4 b5 10. h5 cxd5 11. cxd5 b4 12. Na4 Qa5 13. Be3 Nbd7 14. b3 Bb7 15. Qd2 Rfc8 16. a3 Qc7 17. axb4 Qc2 18. Bc4 Rxc4 19. bxc4 Qxc4 20. Nb2 Qc7 21. Rc1 Qd8 22. Nc4 Qe7 23. Na5 Nf8 24. h6 Bh8 25. Bb6 Ne8 26. Qd3 Qd7 27. 0-0 Bf6 28. Be3 Nc7 29. Nxb7 1-0

[Event "Bogota Distrito Capital op-A"]
[Site "Bogota"]
[Date "2024.09.20"]
[Round "4"]
[White "Gonzalez Mojica, Renan Arturo"]
[Black "Gonzalez Lopez, Nicolas Mateo"]
[Result "0-1"]
[WhiteElo "2000"]
[BlackElo "2203"]
[PlyCount "62"]
[EventDate "2024.09.18"]
[EventType "swiss"]
[EventRounds "9"]
[EventCountry "COL"]
[SourceTitle "EXT 2025"]
[Source "ChessBase"]
[SourceDate "2024.10.14"]
[SourceVersion "1"]
[SourceVersionDate "2024.10.14"]
[SourceQuality "1"]

1. d4 Nf6 2. c4 e6 3. Nc3 Bb4 4. f3 c5 5. d5 d6 6. e4 b5 7. Nge2 bxc4 8. Nf4 e5 9. Nfe2 Nbd7 10. Ng3 Nb6 11. Be2 Ng8 12. 0-0 Ne7 13. Qc2 0-0 14. a3 Ba5 15. Na4 f5 16. Bxc4 f4 17. Nh1 Rf6 18. Nf2 Bd7 19. Nxc5 dxc5 20. d6+ Nxc4 21. dxe7 Qxe7 22. Qxc4+ Be6 23. Qa4 Bb6 24. Bd2 Rg6 25. Kh1 c4 26. Ng4 Bxg4 27. fxg4 Qe6 28. Rac1 Qxg4 29. Qxc4+ Kh8 30. g3 fxg3 31. hxg3 Qh3# 0-1

[Event "Bogota Distrito Capital op-A"]
[Site "Bogota"]
[Date "2024.09.19"]
[Round "3"]
[White "Arrieta Hernandez, Cristian"]
[Black "Gonzalez Mojica, Renan Arturo"]
[Result "1/2-1/2"]
[WhiteElo "2226"]
[BlackElo "2000"]
[PlyCount "64"]
[EventDate "2024.09.18"]
[EventType "swiss"]
[EventRounds "9"]
[EventCountry "COL"]
[SourceTitle "EXT 2025"]
[Source "ChessBase"]
[SourceDate "2024.10.14"]
[SourceVersion "1"]
[SourceVersionDate "2024.10.14"]
[SourceQuality "1"]

1. Nf3 Nf6 2. c4 g6 3. Nc3 Bg7 4. g3 0-0 5. Bg2 d6 6. d4 c6 7. h4 Nbd7 8. b4 Nb6 9. c5 Nbd5 10. Nxd5 Nxd5 11. Bd2 Bg4 12. Nh2 Bd7 13. e4 Nf6 14. 0-0 Qc8 15. Re1 Bh3 16. e5 dxe5 17. dxe5 Nd5 18. Bxd5 cxd5 19. g4 h5 20. f3 f6 21. Bf4 Qe6 22. Qe2 hxg4 23. fxg4 fxe5 24. Bxe5 Bxe5 25. Qxe5 Qxe5 26. Rxe5 Rf4 27. Rxe7 Rxb4 28. Rae1 Rf8 29. a3 Rc4 30. Rxb7 Rc3 31. Rb2 Rg3+ 32. Kh1 Bxg4 1/2-1/2

[Event "Bogota Distrito Capital op-A"]
[Site "Bogota"]
[Date "2024.09.18"]
[Round "1"]
[White "Gonzalez Velasco, Leandro"]
[Black "Gonzalez Mojica, Renan Arturo"]
[Result "1/2-1/2"]
[WhiteElo "2125"]
[BlackElo "2000"]
[PlyCount "90"]
[EventDate "2024.09.18"]
[EventType "swiss"]
[EventRounds "9"]
[EventCountry "COL"]
[SourceTitle "EXT 2025"]
[Source "ChessBase"]
[SourceDate "2024.10.14"]
[SourceVersion "1"]
[SourceVersionDate "2024.10.14"]
[SourceQuality "1"]

1. d4 Nf6 2. c4 g6 3. Nc3 Bg7 4. e4 d6 5. Nf3 0-0 6. Be2 e5 7. Be3 Ng4 8. Bg5 f6 9. Bc1 Nc6 10. 0-0 exd4 11. Nxd4 Nxd4 12. Qxd4 f5 13. Qd5+ Kh8 14. exf5 Rxf5 15. Qe4 Nf6 16. Qd3 Re5 17. Be3 Bf5 18. Qd2 Qd7 19. Bf3 Ne4 20. Bxe4 Bxe4 21. Bf4 Re7 22. c5 Bc6 23. cxd6 cxd6 24. Qxd6 Qe8 25. Rad1 Rd7 26. Qc5 Rad8 27. Rde1 Qf7 28. Bg5 Bd4 29. Qb4 Rf8 30. Be3 Bg7 31. Qh4 a5 32. Rd1 Rxd1 33. Rxd1 Bxg2 34. Bc5 Bc6 35. Bxf8 Bxf8 36. Qd4+ Kg8 37. Ne4 Qf3 38. Nf6+ Kf7 39. Nd5 Bd6 40. Rd3 Qf5 41. Ne3 Bxh2+ 42. Kxh2 Qxf2+ 43. Kh3 Qf3+ 44. Kh2 Qf2+ 45. Kh3 Qf3+ 1/2-1/2

[Event "Titled Tuesday intern op 27th Aug Late"]
[Site "Chess.com INT"]
[Date "2024.08.27"]
[Round "10"]
[White "Gonzalez Mojica, Renan Arturo"]
[Black "Bogaudinov, Rushan"]
[Result "1-0"]
[WhiteElo "1992"]
[BlackElo "1912"]
[PlyCount "73"]
[EventDate "2024.08.27"]
[EventType "swiss (blitz)"]
[EventRounds "11"]
[EventCountry "USA"]
[SourceTitle "EXT 2025"]
[Source "ChessBase"]
[SourceDate "2024.10.14"]
[SourceVersion "1"]
[SourceVersionDate "2024.10.14"]
[SourceQuality "1"]

1. d4 a6 2. c4 h6 3. Nc3 g5 4. h4 gxh4 5. e4 d6 6. Nf3 Nf6 7. Rxh4 Bg4 8. Be2 Nbd7 9. Bf4 h5 10. Qd2 c5 11. d5 Bg7 12. e5 dxe5 13. Nxe5 Bxe2 14. Qxe2 Nxe5 15. Bxe5 Kf8 16. Bxf6 Bxf6 17. Rxh5 Rg8 18. g3 Qa5 19. Qd2 b5 20. Ne4 Qxd2+ 21. Kxd2 Bxb2 22. Rb1 Bd4 23. Kd3 Rg6 24. cxb5 axb5 25. Rxb5 Rxa2 26. Nxc5 Bxf2 27. Nd7+ Kg7 28. Ne5 Rxg3+ 29. Ke4 Ra4+ 30. Kf5 Be3 31. Nxf7 Kxf7 32. Rh7+ Kg8 33. Rxe7 Rf4+ 34. Ke5 Rg5+ 35. Ke6 Rf6+ 36. Kxf6 Rg3 37. Rb8# 1-0

[Event "Titled Tuesday intern op 27th Aug Early"]
[Site "Chess.com INT"]
[Date "2024.08.27"]
[Round "11"]
[White "Gonzalez Mojica, Renan Arturo"]
[Black "Dilmukhametov, Artur"]
[Result "1-0"]
[WhiteElo "1992"]
[BlackElo "2276"]
[PlyCount "43"]
[EventDate "2024.08.27"]
[EventType "swiss (blitz)"]
[EventRounds "11"]
[EventCountry "USA"]
[SourceTitle "EXT 2025"]
[Source "ChessBase"]
[SourceDate "2024.10.14"]
[SourceVersion "1"]
[SourceVersionDate "2024.10.14"]
[SourceQuality "1"]

1. d4 Nf6 2. c4 g6 3. Nc3 Bg7 4. e4 d6 5. f4 0-0 6. Nf3 c5 7. d5 Ne8 8. Bd3 e6 9. dxe6 Bxe6 10. f5 Bd7 11. 0-0 Nc7 12. Bg5 Bf6 13. Bxf6 Qxf6 14. e5 dxe5 15. Ne4 Qb6 16. f6 Bf5 17. Nxe5 Nc6 18. Rxf5 gxf5 19. Qh5 Ne6 20. Ng5 Nxg5 21. Qxg5+ Kh8 22. Qg7# 1-0

[Event "Titled Tuesday intern op 27th Aug Early"]
[Site "Chess.com INT"]
[Date "2024.08.27"]
[Round "9"]
[White "Gonzalez Mojica, Renan Arturo"]
[Black "Fernandez Hernandez, Gerardo"]
[Result "1-0"]
[WhiteElo "1992"]
[BlackElo "2126"]
[PlyCount "97"]
[EventDate "2024.08.27"]
[EventType "swiss (blitz)"]
[EventRounds "11"]
[EventCountry "USA"]
[SourceTitle "EXT 2025"]
[Source "ChessBase"]
[SourceDate "2024.10.14"]
[SourceVersion "1"]
[SourceVersionDate "2024.10.14"]
[SourceQuality "1"]

1. d4 Nf6 2. c4 c5 3. d5 e6 4. Nc3 exd5 5. cxd5 d6 6. e4 g6 7. f4 Bg7 8. Bb5+ Nfd7 9. Be2 0-0 10. Nf3 Na6 11. 0-0 Re8 12. Be3 Nf6 13. e5 Ng4 14. Bf2 dxe5 15. Bxa6 Nxf2 16. Rxf2 bxa6 17. Nxe5 Bxe5 18. fxe5 Rxe5 19. Qf3 Qe8 20. d6 Be6 21. Ne4 Qd8 22. Nf6+ Kg7 23. Qc3 Qxd6 24. Rd2 Qxd2 25. Qxd2 Kxf6 26. Qc3 Re8 27. Rf1+ Bf5 28. g4 Kg7 29. gxf5 gxf5 30. Rxf5 f6 31. Rxe5 Rxe5 32. Qd3 Rg5+ 33. Kf2 Kh6 34. Qxa6 Rf5+ 35. Kg3 Rg5+ 36. Kf4 Rg7 37. Qxf6+ Rg6 38. Qf8+ Kh5 39. Qf5+ Kh6 40. Qxc5 Rf6+ 41. Kg4 Rg6+ 42. Kh4 Kg7 43. Qe7+ Kh6 44. Qf8+ Rg7 45. Qxg7+ Kxg7 46. Kg5 Kf7 47. Kh6 Kg8 48. b4 Kh8 49. a4 1-0

[Event "Titled Tuesday intern op 27th Aug Late"]
[Site "Chess.com INT"]
[Date "2024.08.27"]
[Round "11"]
[White "Gonzalez Mojica, Renan Arturo"]
[Black "Jarocka, Liwia"]
[Result "1-0"]
[WhiteElo "1992"]
[BlackElo "2217"]
[PlyCount "57"]
[EventDate "2024.08.27"]
[EventType "swiss (blitz)"]
[EventRounds "11"]
[EventCountry "USA"]
[SourceTitle "EXT 2025"]
[Source "ChessBase"]
[SourceDate "2024.10.14"]
[SourceVersion "1"]
[SourceVersionDate "2024.10.14"]
[SourceQuality "1"]

1. d4 d6 2. c4 Nf6 3. Nc3 g6 4. e4 Bg7 5. f4 0-0 6. Nf3 c5 7. d5 e6 8. Be2 exd5 9. cxd5 Re8 10. e5 Nfd7 11. e6 fxe6 12. dxe6 Nf8 13. f5 gxf5 14. Bg5 Qb6 15. e7 Qxb2 16. exf8Q+ Rxf8 17. Bc4+ Kh8 18. 0-0 Qxc3 19. Rc1 Qa3 20. Qxd6 Nc6 21. Rfe1 Qb2 22. Rb1 Qc3 23. Rbc1 Qb2 24. Rc2 Be6 25. Rxb2 Bxc4 26. Rxb7 Nd4 27. Rxg7 Nxf3+ 28. gxf3 Kxg7 29. Bh6+ 1-0

[Event "Titled Tuesday intern op 27th Aug Late"]
[Site "Chess.com INT"]
[Date "2024.08.27"]
[Round "5"]
[White "Gutierrez Olivares, Daniel"]
[Black "Gonzalez Mojica, Renan Arturo"]
[Result "1-0"]
[WhiteElo "2354"]
[BlackElo "1992"]
[PlyCount "57"]
[EventDate "2024.08.27"]
[EventType "swiss (blitz)"]
[EventRounds "11"]
[EventCountry "USA"]
[SourceTitle "EXT 2025"]
[Source "ChessBase"]
[SourceDate "2024.10.14"]
[SourceVersion "1"]
[SourceVersionDate "2024.10.14"]
[SourceQuality "1"]

1. Nf3 d6 2. g3 Nf6 3. Bg2 g6 4. b3 Bg7 5. Bb2 0-0 6. d4 c6 7. 0-0 Bf5 8. Re1 d5 9. Nc3 Ne4 10. Nh4 Nxc3 11. Bxc3 Be6 12. Bb4 Nd7 13. Rc1 a5 14. Ba3 a4 15. Bb4 axb3 16. axb3 Re8 17. Nf3 Qb6 18. c3 Ra2 19. Ng5 Bf5 20. e4 dxe4 21. g4 Bh6 22. h4 Be6 23. Rb1 c5 24. dxc5 Nxc5 25. Qd4 Nd7 26. Nxe6 Qxe6 27. Rxe4 Qf6 28. Rbe1 Ne5 29. Rxe5 1-0

[Event "Titled Tuesday intern op 27th Aug Late"]
[Site "Chess.com INT"]
[Date "2024.08.27"]
[Round "9"]
[White "Matlak, Oleksandr"]
[Black "Gonzalez Mojica, Renan Arturo"]
[Result "1-0"]
[WhiteElo "2235"]
[BlackElo "1992"]
[PlyCount "79"]
[EventDate "2024.08.27"]
[EventType "swiss (blitz)"]
[EventRounds "11"]
[EventCountry "USA"]
[SourceTitle "EXT 2025"]
[Source "ChessBase"]
[SourceDate "2024.10.14"]
[SourceVersion "1"]
[SourceVersionDate "2024.10.14"]
[SourceQuality "1"]

1. c4 e5 2. Nc3 Nf6 3. Nf3 e4 4. Ng5 b5 5. cxb5 d5 6. d3 h6 7. Nh3 exd3 8. Qxd3 a6 9. Nf4 d4 10. Ne4 Bb4+ 11. Bd2 Bxd2+ 12. Nxd2 0-0 13. g3 Bb7 14. Bg2 Bxg2 15. Nxg2 axb5 16. Qxb5 Nbd7 17. Nb3 c5 18. 0-0 Re8 19. Rfe1 Rb8 20. Qc4 Rc8 21. Nf4 Ne5 22. Qa6 c4 23. Nd2 c3 24. bxc3 dxc3 25. Nf3 Nxf3+ 26. exf3 Rxe1+ 27. Rxe1 c2 28. Qf1 Nd5 29. Nxd5 Qxd5 30. a4 Qxf3 31. Ra1 Qc3 32. Rc1 Qa3 33. Kg2 Qxa4 34. Qd3 Qc6+ 35. f3 Qc5 36. h4 g6 37. Qd2 Qc4 38. Qxh6 Qe2+ 39. Kh3 Rd8 40. h5 1-0

[Event "Titled Tuesday intern op 27th Aug Late"]
[Site "Chess.com INT"]
[Date "2024.08.27"]
[Round "1"]
[White "Skotheim, Andreas"]
[Black "Gonzalez Mojica, Renan Arturo"]
[Result "0-1"]
[WhiteElo "2234"]
[BlackElo "1992"]
[PlyCount "148"]
[EventDate "2024.08.27"]
[EventType "swiss (blitz)"]
[EventRounds "11"]
[EventCountry "USA"]
[SourceTitle "EXT 2025"]
[Source "ChessBase"]
[SourceDate "2024.10.14"]
[SourceVersion "1"]
[SourceVersionDate "2024.10.14"]
[SourceQuality "1"]

1. e4 d6 2. Nc3 Nf6 3. f4 g6 4. Nf3 Bg7 5. Bc4 c6 6. d3 d5 7. Bb3 dxe4 8. dxe4 Qxd1+ 9. Kxd1 Na6 10. Be3 0-0 11. h3 Nd7 12. Ke2 Nac5 13. Rhd1 Bxc3 14. bxc3 Nxe4 15. c4 Nc3+ 16. Kf2 Nxd1+ 17. Rxd1 Nf6 18. c5 Ne4+ 19. Ke1 Bf5 20. Ne5 Nc3 21. Rd2 Rad8 22. Rxd8 Rxd8 23. Nxf7 Rd1+ 24. Kf2 Kg7 25. Ne5 Nd5 26. c4 Nxe3 27. Bxd1 Nxd1+ 28. Ke2 Nc3+ 29. Ke3 Nxa2 30. g4 Be6 31. Kd4 Nb4 32. Kc3 Na6 33. Nd3 h5 34. f5 gxf5 35. g5 b6 36. cxb6 axb6 37. h4 Nc5 38. Nf4 Bd7 39. Nxh5+ Kg6 40. Nf4+ Kg7 41. h5 Ne4+ 42. Kd4 Nxg5 43. Ke5 Nf7+ 44. Kd4 Kf6 45. Ng6 e5+ 46. Ke3 Kg5 47. Ne7 Kxh5 48. Ng8 Kg6 49. Ne7+ Kg5 50. c5 bxc5 51. Kd3 e4+ 52. Kc4 f4 53. Kxc5 f3 54. Nd5 f2 55. Ne3 Kf4 56. Kd4 Kf3 57. Nf1 Ke2 58. Ng3+ Kf3 59. Nxe4 f1Q 60. Nd2+ Ke2 61. Nxf1 Kxf1 62. Kc5 Be8 63. Kb6 Ke2 64. Kc5 Kd3 65. Kb4 Kd4 66. Ka5 c5 67. Kb6 c4 68. Ka5 c3 69. Kb4 c2 70. Kb3 c1Q 71. Kb4 Qb1+ 72. Ka3 Qb5 73. Ka2 Kc3 74. Ka1 Qb2# 0-1

[Event "Titled Tuesday intern op 27th Aug Late"]
[Site "Chess.com INT"]
[Date "2024.08.27"]
[Round "7"]
[White "Solomon, Kenny"]
[Black "Gonzalez Mojica, Renan Arturo"]
[Result "0-1"]
[WhiteElo "2257"]
[BlackElo "1992"]
[PlyCount "70"]
[EventDate "2024.08.27"]
[EventType "swiss (blitz)"]
[EventRounds "11"]
[EventCountry "USA"]
[SourceTitle "EXT 2025"]
[Source "ChessBase"]
[SourceDate "2024.10.14"]
[SourceVersion "1"]
[SourceVersionDate "2024.10.14"]
[SourceQuality "1"]

1. d4 d6 2. Nf3 Nf6 3. c4 g6 4. Nc3 Bg7 5. e4 0-0 6. h3 e5 7. d5 Nh5 8. g3 Na6 9. Be3 Nc5 10. Be2 a5 11. Nd2 Nf6 12. g4 Ne8 13. h4 f5 14. g5 Bd7 15. f3 c6 16. a4 Qb6 17. Qc2 Nc7 18. 0-0 f4 19. Bf2 Bh3 20. Rfb1 N7a6 21. Kh2 Nb4 22. Qd1 Bd7 23. Qg1 Nc2 24. Ra2 Nd4 25. Bf1 Qb4 26. Ra3 cxd5 27. cxd5 Bxa4 28. Qg2 Bd7 29. Na2 Qxd2 30. Nc3 Nd3 31. Bxd3 Qxd3 32. Rd1 Qxf3 33. Bxd4 Qxg2+ 34. Kxg2 exd4 35. Ne2 f3+ 0-1

[Event "Titled Tuesday intern op 27th Aug Early"]
[Site "Chess.com INT"]
[Date "2024.08.27"]
[Round "5"]
[White "Venkatesh, Narayan"]
[Black "Gonzalez Mojica, Renan Arturo"]
[Result "0-1"]
[WhiteElo "2116"]
[BlackElo "1992"]
[PlyCount "92"]
[EventDate "2024.08.27"]
[EventType "swiss (blitz)"]
[EventRounds "11"]
[EventCountry "USA"]
[SourceTitle "EXT 2025"]
[Source "ChessBase"]
[SourceDate "2024.10.14"]
[SourceVersion "1"]
[SourceVersionDate "2024.10.14"]
[SourceQuality "1"]

1. d4 d6 2. c4 Nf6 3. Nc3 g6 4. e4 Bg7 5. Be2 0-0 6. Be3 e5 7. d5 Na6 8. g4 Nc5 9. f3 a5 10. h4 h5 11. g5 Nfd7 12. Nh3 Nb6 13. Nf2 Bd7 14. Qd2 Qb8 15. b3 Nc8 16. Nd3 b6 17. 0-0-0 Ne7 18. Rde1 Qa7 19. f4 exf4 20. Nxf4 a4 21. b4 Bxc3 22. Qxc3 Nxe4 23. Qd4 Nf5 24. Qxe4 Rfe8 25. Ne6 Bxe6 26. Bd3 Bxd5 27. Qxd5 Nxe3 28. Qd4 Qb7 29. Rhg1 Qf3 30. Be2 Qf2 31. Bd3 Qxa2 32. Rxe3 Rxe3 33. Qxe3 Qa1+ 34. Bb1 a3 35. Qb3 Qd4 36. Qc2 Qxg1+ 37. Kd2 Qf2+ 38. Kc3 Qxc2+ 39. Kxc2 a2 40. Bxa2 Rxa2+ 41. Kb3 Rh2 42. Ka4 Rxh4 43. Kb5 Rg4 44. Kc6 Rxc4+ 45. Kd7 Rxb4 46. Kxc7 h4 0-1